Fast Math-Subtraction - Statistics

General Stats
  • This quiz has been taken 565 times
  • The average score is 9 of 10
Answer Stats
Hint Answer % Correct
1-1 0
97%
18-6 12
97%
14-7 7
95%
39-23 16
94%
34-87 -53
94%
87-34 53
94%
123-12 111
89%
890-810 80
87%
167-89 78
79%
890-546 344
77%
No matching quizzes found
Score Distribution
Percent of People with Each Score
Percentile by Number Answered
Your Score History
You have not taken this quiz